The silver elephant
Gespeichert in:
| Format: | Buch |
|---|---|
| Sprache: | Englisch |
| Veröffentlicht: |
Nueva York
The MacMillan Company
1967
|
| Schriftenreihe: | Collier MacMillan english readers
|
| Schlagworte: | |
| Tags: |
Tag hinzufügen
Keine Tags, Fügen Sie den ersten Tag hinzu!
|
MARC
| LEADER | 00000nam a2200000 a 4500 | ||
|---|---|---|---|
| 001 | UCX4884 | ||
| 003 | CL-VaPUC | ||
| 008 | 920810e19670000US |||||||||||||||||eng|d | ||
| 082 | 0 | 4 | |a 428.8 |b SIL |2 21 |
| 245 | 1 | 4 | |a The silver elephant |
| 300 | |a 72 p | ||
| 942 | |c BK | ||
| 945 | |d 19920810 00:00:00 | ||
| 260 | |a Nueva York |b The MacMillan Company |c 1967 | ||
| 650 | 7 | |a INGLES EJERCICIOS DE LECTURA |2 CL-VaPUC |9 315288 | |
| 583 | |a last modification |c 19920810 00:00:00 |k Rodrigo Vera | ||
| 490 | 0 | |a Collier MacMillan english readers | |
| 999 | |c 225257 |d 225255 | ||
| 952 | |0 0 |1 0 |4 0 |6 428_800000000000000_SIL_1967 |7 0 |8 A |9 222635 |a BIBEDU |b BIBEDU |d 2019-11-15 |i 2914352 |o 428.8 SIL 1967 |p 2914352 |r 2019-11-15 |w 2019-11-15 |y BK |k LIT | ||